|
|
|
|
| LEADER |
00615cam a2200169 7i4500 |
| 001 |
0000046433 |
| 005 |
20190830090000.0 |
| 020 |
|
|
|a 9789675311376 (pbk.)
|
| 090 |
0 |
0 |
|a DS596.3
|b .M82 2010
|
| 245 |
0 |
0 |
|a Malaysia dalam hubungan antarabangsa serantau
|c penyunting Kamarulnizam Abdullah.
|
| 260 |
|
|
|a Sintok, Kedah:
|b Penerbit UUM,
|c 2010.
|
| 300 |
|
|
|a xviii, 192 p.;
|c 23 cm.
|
| 500 |
|
|
|a Gift: Universiti Utara Malaysia (UUM)
|
| 651 |
|
0 |
|a Malaysia --
|x Politics and government
|
| 651 |
|
0 |
|a Malaysia --
|x Foreign relations
|
| 700 |
0 |
|
|a Kamarulnizam Abdullah
|
| 999 |
|
|
|a 0000056303
|b BOK
|c MALAYSIANA
|e Ground Floor, Bestari Jaya
|